MARC details
| 000 -CABECERA |
| campo de control de longitud fija |
01049cam a2200289 a 4500 |
| 001 - NÚMERO DE CONTROL |
| campo de control |
000019003 |
| 003 - IDENTIFICADOR DEL NÚMERO DE CONTROL |
| campo de control |
UkOxU |
| 005 - FECHA Y HORA DE LA ÚLTIMA TRANSACCIÓN |
| campo de control |
20200929165912.0 |
| 008 - DATOS DE LONGITUD FIJA--INFORMACIÓN GENERAL |
| campo de control de longitud fija |
860101s1969 ec a 000 0 spa d |
| 040 ## - FUENTE DE LA CATALOGACIÓN |
| Centro catalogador/agencia de origen |
DO-SdBNP |
| Lengua de catalogación |
spa |
| Centro/agencia transcriptor |
EEM |
| Centro/agencia modificador |
BNPHU |
| 082 ## - NÚMERO DE LA CLASIFICACIÓN DECIMAL DEWEY |
| Número de clasificación |
986.602 |
| Número de documento/Ítem |
G643h |
| 049 ## - FONDOS LOCALES (OCLC) |
| Fondos de biblioteca |
BNGR |
| 100 1# - ENTRADA PRINCIPAL--NOMBRE DE PERSONA |
| Nombre de persona |
González Suárez, Federico, |
| Fechas asociadas al nombre |
1844-1917. |
| 9 (RLIN) |
4687 |
| 245 10 - MENCIÓN DE TÍTULO |
| Título |
Historia general de la República del Ecuador / |
| Mención de responsabilidad, etc. |
Federico González Suárez ; introducción de Hernán Rodríguez Castelo. |
| 250 ## - MENCIÓN DE EDICIÓN |
| Mención de edición |
2a ed. |
| 260 ## - PUBLICACIÓN, DISTRIBUCIÓN, ETC. |
| Lugar de publicación, distribución, etc. |
Quito, Ecuador : |
| Nombre del editor, distribuidor, etc. |
Casa de la Cultura Ecuatoriana, |
| Fecha de publicación, distribución, etc. |
[1969]. |
| 300 ## - DESCRIPCIÓN FÍSICA |
| Extensión |
v. : |
| Otras características físicas |
il. ; |
| Dimensiones |
18 cm. |
| 490 1# - MENCIÓN DE SERIE |
| Mención de serie |
Clásicos Ariel |
| Designación de volumen o secuencia |
58 |
| 500 ## - NOTA GENERAL |
| Nota general |
Reimpresión de la edición 1890-1903 |
| 500 ## - NOTA GENERAL |
| Nota general |
La biblioteca posee el tomo VII |
| 651 #4 - PUNTO DE ACCESO ADICIONAL DE MATERIA--NOMBRE GEOGRÁFICO |
| Nombre geográfico |
Ecuador |
| Subdivisión general |
Historia |
| 9 (RLIN) |
4781 |
| 650 #4 - PUNTO DE ACCESO ADICIONAL DE MATERIA--TÉRMINO DE MATERIA |
| Término de materia o nombre geográfico como elemento de entrada |
Ecuador |
| Subdivisión general |
Historia |
| -- |
Colonia |
| Subdivisión cronológica |
1534-1809 |
| 9 (RLIN) |
40885 |
| 650 #4 - PUNTO DE ACCESO ADICIONAL DE MATERIA--TÉRMINO DE MATERIA |
| Término de materia o nombre geográfico como elemento de entrada |
Arqueología |
| Subdivisión general |
Historia |
| Subdivisión geográfica |
Ecuador |
| 9 (RLIN) |
40886 |
| 700 1# - PUNTO DE ACCESO ADICIONAL--NOMBRE DE PERSONA |
| Nombre de persona |
Rodríguez Castelo, Hernán |
| Término indicativo de función/relación |
intr. |
| 9 (RLIN) |
4689 |
| 830 #0 - PUNTO DE ACCESO ADICIONAL DE SERIE-TÍTULO UNIFORME |
| Título uniforme |
Clásicos Ariel ; |
| Designación de volumen o secuencia |
58 |
| 9 (RLIN) |
3125 |
| 910 ## - DATOS DE OPCIÓN DEL USUARIO (OCLC) |
| Datos de opción del usuario |
Catalogación derivada /Oxford |